000 01280nam a2200241Ii 4500
003 JO-AjNU
005 20240625124638.0
008 230605s9999||||xx |||||||||||||| ||und||
040 _aJO-AjNU
_bara
_erda
_cJO-AjNU
041 _aara
050 1 4 _aHD58.7.2022
100 _aالمراشده، احمد عبد الرحيم عزام
_eمعد
_965649
245 0 0 _aاثر استراتيجيات الاعمال على السلوك التنظيمي في شركات التأمين الاردنية(الثقافة التنظيمية متغير وسيط)=The Impact of Business Strategies on Organizational Behavior in Jordanian Insurance Companies (Organizational Culture is a Mediating Variable)
_c/ اعداد احمد عبد الرحيم عزام المراشدة ؛ اشراف محمود الروسان
264 3 1 _a2022
300 _a115ص
336 _atext
_btxt
_2rdacontent
337 _aunmediated
_bn
_2rdamedia
338 _avolume
_bnc
_2rdacarrier
500 _aرسالة جامعية ( اطروحة ماجستير) جامعة عجلون الوطنية: كلية ادارة الاعمال، تخصص ادارة اعمال،2022
650 4 _aالسلوك التنظيمي
_963590
700 _aالروسان، محمود علي
_eمشرف
_965363
942 _2lcc
_cTHS
999 _c32421
_d32421